|
|
|
|
| LEADER |
00000nam a2200000 a 4500 |
| 001 |
vtls001354808 |
| 003 |
SK-MaSNL |
| 005 |
20260301200916.0 |
| 008 |
240313s1998 xo o g h 000 0bslo |
| 015 |
|
|
|a SNBA1999/05-01921
|
| 020 |
|
|
|a 8096811304
|
| 035 |
|
|
|a SNK000308257
|
| 035 |
|
|
|a urn:nbn:sk:snk-am3hfta
|
| 035 |
|
|
|a 6050325A-20DC-4689-B65B-FB5DCF33555E
|
| 035 |
|
|
|a urn:nbn:sk:snk-am00cytd
|
| 040 |
|
|
|a SNK
|b slo
|c SNK
|e AACR2
|
| 041 |
0 |
|
|a slo
|
| 044 |
|
|
|a xo
|c SK
|
| 080 |
|
|
|a 75.071.1(084.1)
|2 1981
|
| 080 |
|
|
|a 929 Bazovský, Miloš Alexander
|2 1981
|
| 100 |
1 |
|
|a Liskaj, Ľubomír
|4 aut
|9 528406
|
| 245 |
1 |
0 |
|a Bazovský a Turany
|b 100. výročie narodenia 1899-1999
|c [autor: Ľubomír Liskaj]
|
| 260 |
|
|
|a Turany
|b Miestne múzeum
|c [1998]
|
| 300 |
|
|
|a [32] s.
|b fotogr. (prevažne fareb.)
|c 15x21 cm
|
| 366 |
|
|
|e 500 výt.
|
| 500 |
|
|
|a Údaj o aut. prevzatý z tiráže
|
| 500 |
|
|
|a Nepredajné
|
| 600 |
1 |
7 |
|a Bazovský, Miloš Alexander,
|d 1899-1968
|2 SNKMA
|9 103185
|
| 650 |
0 |
7 |
|a slovenskí výtvarní umelci
|2 SNKPH
|9 83355
|
| 655 |
|
7 |
|a biografie
|2 SNKPH
|9 27965
|
| 919 |
|
|
|a 80-968113-0-4
|
| 958 |
|
|
|a TL
|
| 958 |
|
|
|a BX
|
| 958 |
|
|
|a BQ
|
| 958 |
|
|
|a PB
|
| 958 |
|
|
|a SK
|
| 999 |
|
|
|c 892613
|d 894543
|
| 952 |
|
|
|t P60, <09>, [BOOK], {629}
|a SNK
|b SNK
|y NEVYP
|7 0
|o snkE 21
|i snk238/990212
|0 0
|1 0
|4 0
|d 1999-02-10
|l 0
|r 2005-01-02 00:00:00
|w 2026-02-24
|
| 952 |
|
|
|t P60, <03>, [BOOK], {603}
|a SNK
|b SNK
|y PREZ
|7 0
|p 17A0181977
|o snkSE 9549
|i snkKSP 1371/99
|0 0
|1 0
|4 0
|d 1999-02-10
|f 1
|l 0
|r 2005-01-02 00:00:00
|w 2026-02-24
|
| 952 |
|
|
|t P60, <04>, [BOOK], {604}
|a SNK
|b SNK
|y VYP
|7 0
|p 17A0181976
|o snkSE 9549 D1
|i snkKSP 1372/99
|0 0
|1 0
|4 0
|d 1999-02-10
|l 0
|r 2005-01-02 00:00:00
|w 2026-02-24
|